[Event "Nice olm fin-B"]
[Site "Nice"]
[Date "1974.??.??"]
[Round "13"]
[White "Bleiman, Yaacov"]
[Black "De Bruycker, Bernard"]
[Result "1/2-1/2"]
[WhiteElo "2450"]
[BlackElo "2200"]

1.d4 Nf6 2.c4 g6 3.Nc3 Bg7 4.e4 d6 5.Be2 O-O 6.Nf3 e5 7.d5 Nbd7 8.Bg5 h6
9.Bh4 g5 10.Bg3 Nh5 11.h4 g4 12.Nh2 Nxg3 13.fxg3 h5 14.O-O Nc5 15.Bd3 Bh6
16.Qe2 Bd7 17.Bc2 f6 18.Kh1 Be8 19.Rf2 Bg6 20.Nf1 Qe7 21.b4 Nd7 22.Rd1 Kh7
23.a3 Nb6 24.Bd3 a5 25.Ne3 axb4 26.axb4 Na4 27.Nxa4 Bxe3 28.Qxe3 Rxa4 29.Qd2 Rfa8
30.Kh2 Kg7  1/2-1/2

[Event "Nice olm fin-A"]
[Site "Nice"]
[Date "1974.??.??"]
[Round "14"]
[White "Jones, Iolo C"]
[Black "Ghitescu, Theodor"]
[Result "1/2-1/2"]
[WhiteElo "2210"]
[BlackElo "2440"]

1.c4 Nf6 2.Nc3 g6 3.e4 d6 4.d4 Bg7 5.Be2 O-O 6.Nf3 e5 7.dxe5 dxe5 8.Qxd8 Rxd8
9.Bg5 Re8 10.O-O-O h6 11.Bd2 c6 12.h3 Na6 13.Be3 Bf8 14.Bd3 Nc5 15.Bc2 Nfd7
16.Rd2 Nb6 17.b3 a5 18.Rhd1 f6 19.Rd8 Be6 20.Rxe8 Rxe8 21.Ne1 a4 22.b4 Ncd7
23.Bxb6 Nxb6 24.c5 Nc4 25.Bxa4 h5 26.Nb1 f5 27.exf5 Bxf5 28.Bb3 Bh6+ 29.Nd2 Be6
30.Nf3 e4 31.Nd4 Bd5 32.Bxc4 Bxc4 33.Kb2 Bd5 34.a4 Rf8 35.f3 e3 36.Nb1 Bg7
37.Nc3 Rf4 38.Nce2 Rf8 39.Kc3 g5 40.Kd3 Re8 41.Nf5  1/2-1/2

[Event "Oslo CI"]
[Site "Oslo"]
[Date "1974.??.??"]
[Round "7"]
[White "Enklaar, Bertus F"]
[Black "Wibe, Terje"]
[Result "1-0"]
[WhiteElo "2445"]
[BlackElo "2370"]

1.Nf3 g6 2.c4 Bg7 3.d4 Nf6 4.Nc3 O-O 5.e4 d6 6.Be2 e5 7.Be3 Ng4 8.Bg5 f6
9.Bh4 Nc6 10.d5 Ne7 11.Nd2 Nh6 12.f3 f5 13.Bf2 fxe4 14.fxe4 g5 15.h3 Ng6
16.g3 Bd7 17.Be3 Qc8 18.Bxg5 Bxh3 19.Bf3 Bg4 20.O-O Bxf3 21.Rxf3 Qh3 22.Qe2 Ng4
23.Raf1 Rxf3 24.Rxf3 h6 25.Be3 Nxe3 26.Qxe3 a6 27.Nd1 Rf8 28.Nf2 Qd7 29.b3 Kh7
30.Rxf8 Bxf8 31.Qf3 c5 32.Qh5 b5 33.Nf3 Qd8 34.Qf5 Bg7 35.Ng4 Qf8 36.Nh4 Qxf5
37.Nxf5 h5 38.Nh2 bxc4 39.bxc4 Bf8 40.Nf3 Nh8 41.Ng5+ Kg8 42.Ne6 Nf7 43.a4 a5
44.Kf2 Bh6 45.Ne7+ Kh7 46.Ke2  1-0

[Event "Rubinstein mem"]
[Site "Polanica Zdroj"]
[Date "1974.??.??"]
[Round "8"]
[White "Adamski, Jan"]
[Black "Karasev, Vladimir I"]
[Result "0-1"]
[WhiteElo "2405"]
[BlackElo "2460"]

1.Nf3 Nf6 2.c4 g6 3.Nc3 Bg7 4.e4 O-O 5.d4 d6 6.Be2 Nbd7 7.O-O e5 8.Be3 Re8
9.d5 Ng4 10.Bg5 f6 11.Bh4 h5 12.Nd2 Nh6 13.f3 c5 14.Rb1 Nf7 15.a3 Bh6 16.Bf2 f5
17.b4 f4 18.bxc5 Nxc5 19.Nb3 Bf8 20.Nxc5 dxc5 21.Na4 Qc7 22.d6 Bxd6 23.Qd5 Rd8
24.Nxc5 Bf8 25.Rxb7 Bxb7 26.Qxb7 Qxb7 27.Nxb7 Rd2 28.Re1 Rb8 29.Nc5 Rxe2
30.Rxe2 Rb1+ 31.Re1 Rxe1+ 32.Bxe1 Bxc5+ 33.Bf2  0-1

[Event "Rubinstein mem"]
[Site "Polanica Zdroj"]
[Date "1974.??.??"]
[Round "12"]
[White "Adamski, Jan"]
[Black "Schmidt, Wlodzimierz"]
[Result "1/2-1/2"]
[WhiteElo "2405"]
[BlackElo "2500"]

1.c4 g6 2.d4 Nf6 3.Nc3 Bg7 4.e4 d6 5.Nf3 O-O 6.Be2 e5 7.Be3 Ng4 8.Bg5 f6
9.Bh4 Nc6 10.dxe5 Ngxe5 11.O-O Be6 12.b3 Qd7 13.Qd2 Rae8 14.Rad1 Nxf3+ 15.Bxf3  1/2-1/2

[Event "Rubinstein mem"]
[Site "Polanica Zdroj"]
[Date "1974.??.??"]
[Round "13"]
[White "Farago, Ivan"]
[Black "Garcia Martinez, Silvino"]
[Result "1/2-1/2"]
[WhiteElo "2475"]
[BlackElo "2400"]

1.d4 Nf6 2.c4 g6 3.Nc3 Bg7 4.e4 d6 5.Nf3 O-O 6.Be2 e5 7.O-O c6 8.d5 c5 9.Bg5 h6
10.Bh4 Qc7 11.Nd2 Nh7 12.a3 Bf6 13.Bxf6 Nxf6 14.b4 Nbd7 15.Nb3 a6 16.Qd2 Kg7
17.Qe3 b6 18.Rab1 Bb7 19.Nc1 Rac8 20.Na4 Rb8 21.Nc3 Rfc8 22.b5 a5 23.Nd3 Rf8
24.f4 Rbe8  1/2-1/2

[Event "CSR-ch"]
[Site "Rimavska Sobota"]
[Date "1974.??.??"]
[Round "3"]
[White "Pribyl, Josef"]
[Black "Kubicek, Antonin"]
[Result "1-0"]
[WhiteElo "2455"]
[BlackElo "2320"]

1.d4 Nf6 2.c4 g6 3.Nc3 Bg7 4.e4 d6 5.Be2 O-O 6.Nf3 e5 7.dxe5 dxe5 8.Qxd8 Rxd8
9.Bg5 Re8 10.O-O-O Bg4 11.h3 Bxf3 12.Bxf3 Nc6 13.Nb5 Re7 14.Rd2 a6 15.Nc3 Ree8
16.Nd5 Nxd5 17.Rxd5 Nd4 18.Rd7 b5 19.Kb1 Bf8 20.Be3 c5 21.Rc1 Red8 22.Rd5 Rxd5
23.cxd5 c4 24.Re1 Bb4 25.Rd1 Bc5 26.Bg4 h5 27.Bd7 Rd8 28.Bc6 f6 29.Bb7 a5
30.Ba6 Rb8 31.a4 c3 32.bxc3 bxa4+ 33.Ka2 Nb3 34.Bd3 Bxe3 35.fxe3 Rc8 36.Kb2 Kf7
37.Bc2 Rb8 38.Bxb3 Rxb3+ 39.Kc2 Ra3 40.Rb1 f5 41.Rb7+ Ke8 42.Kb2 Rb3+ 43.Rxb3 axb3
44.Kxb3 h4 45.c4 f4 46.exf4 exf4 47.c5 g5 48.c6 g4 49.e5 f3 50.gxf3 gxh3
51.e6 h2 52.c7 h1=Q 53.c8=Q+ Ke7 54.Qc7+ Kf6 55.Qc3+ Ke7 56.Kc4 Qf1+ 57.Kc5 Qg1+
58.Kc6 h3 59.d6+ Kxe6 60.d7 Qd1 61.Qe3+ Kf5 62.Qe4+ Kg5 63.Qd5+ Qxd5+ 64.Kxd5  1-0

[Event "Rimavska Sobota"]
[Site "Rimavska Sobota"]
[Date "1974.??.??"]
[Round "11"]
[White "Knezevic, Milorad"]
[Black "Gesos, Pavlos"]
[Result "1/2-1/2"]
[WhiteElo "2420"]
[BlackElo "2390"]

1.c4 Nf6 2.Nc3 g6 3.e4 d6 4.d4 Bg7 5.Nf3 O-O 6.Be2 e5 7.dxe5 dxe5 8.Qxd8 Rxd8
9.Bg5 Re8 10.O-O-O h6 11.Be3 c6 12.Nd2 Ng4 13.Bxg4 Bxg4 14.f3 Be6 15.h4 h5
16.b3 Nd7 17.Kc2 Nf8 18.Ne2 Rec8 19.Kb2 Nd7 20.Rc1 Bf8 21.Rhd1 Nc5 22.Nf1 Rd8
23.Kc2 Na6 24.Nc3 Ba3 25.Rxd8+ Rxd8 26.Rd1 Rxd1 27.Kxd1 b6 28.Nd2 Be7 29.Bf2 Nc5
30.Kc2 Bd7 31.b4 Ne6 32.a3 Nf4 33.g3 Ne6 34.Nb3 Kf8 35.Kb2 Ke8 36.Nd2 f6
37.Kb3 Kf7 38.b5 Nc5+ 39.Kc2 Ne6 40.Nb3 Nc7 41.bxc6 Bxc6 42.a4 Ba3  1/2-1/2

[Event "CSR-ch"]
[Site "Rimavska Sobota"]
[Date "1974.??.??"]
[Round "15"]
[White "Kubicek, Antonin"]
[Black "Mista, Ladislav"]
[Result "0-1"]
[WhiteElo "2320"]
[BlackElo "2355"]

1.d4 Nf6 2.c4 g6 3.Nc3 Bg7 4.e4 d6 5.Be2 O-O 6.Nf3 e5 7.O-O Nbd7 8.Re1 c6
9.Bf1 Re8 10.d5 c5 11.Rb1 Rf8 12.a3 Ne8 13.b4 b6 14.bxc5 Nxc5 15.Nd2 f5 16.f3 f4
17.Nb3 Nb7 18.a4 g5 19.Bd2 g4 20.Re2 Rf6 21.Be1 Rg6 22.Kh1 Qg5 23.Bf2 Nf6
24.Ra2 g3 25.Be1 gxh2 26.a5 bxa5 27.Nb5 a4 28.Nc1 Ne8 29.Nd3 Qd8 30.Qxa4 a6
31.Qc2 Nf6 32.Nc3 Nh5 33.Rab2 Qc7 34.Na4 Bf8 35.Nb6 Ra7 36.Nxc8 Qxc8 37.Bf2 Ng3+
38.Kxh2 Rh6+  0-1

[Event "Rimavska Sobota"]
[Site "Rimavska Sobota"]
[Date "1974.??.??"]
[Round "15"]
[White "Adamski, Jan"]
[Black "Gesos, Pavlos"]
[Result "1/2-1/2"]
[WhiteElo "2405"]
[BlackElo "2390"]

1.Nf3 Nf6 2.c4 g6 3.Nc3 Bg7 4.e4 d6 5.d4 O-O 6.Be2 e5 7.d5 Nbd7 8.O-O Nc5
9.Qc2 a5 10.Bg5 h6 11.Be3 Qe7 12.Nd2 Ng4 13.Bxg4 Bxg4 14.a3 f5 15.f3 Bh5
16.b4 Nd7 17.Nb5 Nf6 18.c5 Qd7 19.Qc4 Ne8 20.Nb3 fxe4 21.fxe4 Rxf1+ 22.Kxf1 axb4
23.axb4 Kh7 24.Nc3 g5 25.Na5 Qc8 26.Qb5  1/2-1/2

[Event "Sombor"]
[Site "Sombor"]
[Date "1974.??.??"]
[Round "11"]
[White "Lengyel, Levente"]
[Black "Timman, Jan H"]
[Result "1/2-1/2"]
[WhiteElo "2420"]
[BlackElo "2540"]

1.Nf3 Nf6 2.c4 g6 3.Nc3 Bg7 4.d4 O-O 5.e4 d6 6.Be2 e5 7.dxe5 dxe5 8.Qxd8 Rxd8
9.Bg5 Re8 10.Nd5 Nxd5 11.cxd5 c6 12.Bc4 b5 13.Bb3 c5 14.a4 c4 15.Bd1 b4 16.Nd2 Ba6
17.Be2 h6 18.Be3 Rc8  1/2-1/2

[Event "Stary Smokovec"]
[Site "Stary Smokovec"]
[Date "1974.??.??"]
[Round "5"]
[White "Knezevic, Milorad"]
[Black "Pinter, Jozsef"]
[Result "1-0"]
[WhiteElo "2420"]
[BlackElo "2410"]

1.d4 Nf6 2.c4 g6 3.Nc3 Bg7 4.e4 O-O 5.Nf3 d6 6.Be2 e5 7.dxe5 dxe5 8.Qxd8 Rxd8
9.Bg5 Re8 10.O-O-O c6 11.Nxe5 Nxe4 12.Nxe4 Bxe5 13.Nd6 Bxd6 14.Rxd6 Nd7 15.Be3 Ne5
16.h3 Be6 17.b3 f6 18.Rhd1 Nf7 19.R6d4 b6 20.Rf4 f5 21.Rfd4 Rac8 22.R4d2 Kf8
23.Bd4 Ng5 24.f3 Ke7 25.h4 Nf7 26.g4 h6 27.g5 hxg5 28.hxg5 Nxg5 29.Rg1 Nh3
30.Rxg6 Nf4 31.Rg7+ Bf7 32.Be5 Nxe2+ 33.Rxe2 Rg8 34.Rh7 Rce8 35.f4 Rg6 36.a4 Reg8
37.Bb8+ Re6 38.Rxe6+ Kxe6 39.Bxa7 b5 40.axb5 cxb5 41.cxb5 Rd8 42.b6 Rd7 43.Bb8 Kd5
44.Rh6 Kc5 45.Bc7 Kb4 46.Rc6 Bxb3 47.b7 Rd1+ 48.Kb2 Rd2+ 49.Kb1 Rd1+ 50.Rc1  1-0

[Event "SWE-ch"]
[Site "?"]
[Date "1974.??.??"]
[Round "3"]
[White "Ljungdahl, John"]
[Black "Hansson, Dan"]
[Result "1/2-1/2"]
[WhiteElo "2210"]
[BlackElo "2320"]

1.c4 g6 2.Nc3 Bg7 3.d4 Nf6 4.e4 d6 5.Be2 O-O 6.Nf3 e5 7.O-O Nbd7 8.Be3 Qe7
9.Qc2 c6 10.Rfd1 Ng4 11.Bg5 Bf6 12.Bxf6 Qxf6 13.Qd2 Kg7 14.h3 Nh6 15.dxe5 dxe5
16.Qd6 Re8 17.Qxf6+ Kxf6 18.Rd6+ Ke7 19.Rad1 f6 20.Na4 Nf7 21.R6d2 Nf8 22.Ne1 Rd8
23.Nc2 Rxd2 24.Rxd2 Be6 25.b3 Rd8 26.Rxd8 Kxd8 27.Kf1 Kc7 28.Ke1 Nd7 29.Kd2 Ng5
30.Bd3 b6 31.Ke3 Kd6 32.Ne1 Nf7 33.Bc2  1/2-1/2

[Event "Vejle op"]
[Site "Vejle"]
[Date "1974.??.??"]
[Round "2"]
[White "Ingerslev, Age"]
[Black "Pedersen, Eigil"]
[Result "1/2-1/2"]
[WhiteElo "2200"]
[BlackElo "2200"]

1.c4 g6 2.Nc3 Bg7 3.d4 d6 4.e4 Nf6 5.Be2 O-O 6.Nf3 e5 7.O-O Nbd7 8.Qc2 exd4
9.Nxd4 Nc5 10.Rd1 Re8 11.f3 Nh5 12.Be3 Qh4 13.Bf2 Qg5 14.Nd5 Nf4 15.Nxf4 Qxf4
16.Nb5 Ne6 17.a4 Qg5 18.Bf1 Be5 19.g3 a6 20.Nc3 c5 21.Nd5 Nd4 22.Rxd4 Bxd4
23.Bxd4 cxd4 24.Nc7 Be6 25.Nxa8 Rxa8 26.Qf2 Qc5 27.Rd1 Qb4 28.Rxd4 Qxa4 29.c5 Qa1
30.Rxd6 Bh3 31.Rd2 Rc8 32.b4 a5 33.Ra2 Qxf1+ 34.Qxf1 Bxf1 35.Kxf1 axb4 36.Ra5 b3
37.Rb5 b2 38.Rxb7 Rxc5 39.Rxb2 Kg7 40.Kf2 Kf6 41.h4 h5 42.Ke3 Rc6 43.Kf4 Re6
44.Rb7 Ra6 45.Rd7 Ke6 46.Rd3 Ra5 47.Rb3 Ra6 48.Kg5 Rc6 49.Kh6 Kf6 50.Re3 Rc8
51.e5+ Kf5 52.Kg7 Rc7 53.f4 Ra7 54.Rb3 f6+ 55.Kh6 fxe5 56.fxe5 Ra6 57.e6 Rxe6
58.Rb5+ Kf6 59.Rg5 Kf7 60.Kh7 Rc6 61.Ra5 Kf6 62.Kh6 Rb6 63.Ra7 Kf5 64.Rg7 Rc6
65.Rg8  1/2-1/2

[Event "Vejle op"]
[Site "Vejle"]
[Date "1974.??.??"]
[Round "6"]
[White "Kolbak, Jens"]
[Black "Iskov, Gert"]
[Result "1-0"]
[WhiteElo "2200"]
[BlackElo "2420"]

1.c4 Nf6 2.d4 g6 3.Nc3 Bg7 4.e4 d6 5.Nf3 O-O 6.Be2 e5 7.d5 Nbd7 8.O-O a5
9.Ne1 Nc5 10.Qc2 Nh5 11.Bxh5 gxh5 12.Nd3 Na6 13.Qe2 Bg4 14.f3 Bd7 15.Be3 c6
16.dxc6 bxc6 17.Rfd1 f5 18.exf5 Rxf5 19.Nf2 Be6 20.Qd2 Bxc4 21.Qxd6 Qe8 22.Nfe4 Nb4
23.Rac1 Rf7 24.Qc5 Be6 25.Nd6 Bf8 26.Qxe5 Bxd6 27.Rxd6 Bxa2 28.Bd4 Qxe5 29.Bxe5 Bb3
30.Ne4 Re7 31.Bf6 Rc7 32.Rc5 Bd5 33.Nc3 Rac8 34.Rxa5 Re8 35.Rd8 Rxd8 36.Bxd8 Rc8
37.Be7 Nd3 38.h4 Nxb2 39.Nxd5 cxd5 40.Rxd5 Rc1+ 41.Kh2 Kf7  1-0

[Event "Hoogovens"]
[Site "Wijk aan Zee"]
[Date "1974.??.??"]
[Round "12"]
[White "Enklaar, Bertus F"]
[Black "Sosonko, Gennadi"]
[Result "1-0"]
[WhiteElo "2425"]
[BlackElo "2450"]

1.e4 g6 2.d4 Bg7 3.c4 d6 4.Nc3 Nf6 5.Nf3 O-O 6.Be2 e5 7.Be3 Qe7 8.d5 a5 9.Nd2 Na6
10.a3 Bd7 11.O-O c6 12.Rb1 cxd5 13.cxd5 Nc5 14.Bxc5 dxc5 15.a4 Ne8 16.Nc4 Nd6
17.Qb3 f5 18.Nxd6 Qxd6 19.Rbd1 Kh8 20.Bb5 Bc8 21.f3 Ra7 22.Be2 Bd7 23.Nb1 b6
24.Na3 Qb8 25.Bb5 Bc8 26.Nc4 Raf7 27.Qd3 Rd8 28.Qe3 Bd7 29.Bxd7 Rfxd7 30.Qb3 Rb7
31.Qb5 Qc7 32.Rd3 Rbb8 33.Rfd1 Qe7 34.d6 Qh4 35.Qc6 fxe4 36.Qxe4 Qxe4 37.fxe4 Rd7
38.Rb3 Rdb7 39.d7 Bf6 40.Rd6 Kg7 41.Rf3 Be7 42.Rd5 Rd8 43.Rfd3 Bf6 44.Nd6 Rbxd7
45.Nf5+ gxf5 46.Rxd7+ Rxd7 47.Rxd7+ Kg6 48.exf5+ Kxf5 49.Rxh7 Ke4 50.Kf2 Kd3
51.Rd7+ Kc2 52.Rd6 Be7 53.Rxb6 c4 54.Ke2 e4 55.Re6 Bg5 56.Rxe4 Kb3 57.Re5 Bf6
58.Rxa5  1-0

[Event "IBM-B"]
[Site "Amsterdam"]
[Date "1975.??.??"]
[Round "5"]
[White "Farago, Ivan"]
[Black "Rodriguez, Ruben"]
[Result "1-0"]
[WhiteElo "2460"]
[BlackElo "2410"]

1.d4 Nf6 2.c4 g6 3.Nc3 Bg7 4.e4 d6 5.Nf3 O-O 6.Be2 e5 7.O-O c6 8.d5 cxd5
9.cxd5 Ne8 10.a4 f5 11.Ng5 Nc7 12.exf5 gxf5 13.f4 h6 14.Nf3 Ne8 15.Nd2 Nd7
16.Nc4 Nb6 17.Na3 Bd7 18.Kh1 Nc8 19.Be3 Ne7 20.Nc4 Ng6 21.fxe5 Nxe5 22.a5 Qh4
23.Qe1 Qe7 24.Qd2 Kh7 25.Rae1 Qd8 26.a6 bxa6 27.Nxe5 dxe5 28.Bc5 Rf6 29.Bh5 Nd6
30.Qd3 e4 31.Qg3 Be8 32.Bxe8 Nxe8 33.Qh3 Qc7 34.Bd4 Rg6 35.Be3 Bxc3 36.bxc3 Qxc3
37.Qxf5 Qd3 38.Bf4 Rd8 39.Qxe4 Qxe4 40.Rxe4 Rf6 41.g3 Kg6 42.Rfe1 Ng7 43.Be5 Rf5
44.g4 Rf7 45.d6 Re8 46.Kg2 Re6 47.h4 a5 48.h5+ Kh7 49.Bg3 Rxe4 50.Rxe4 Rd7
51.Kf3 Kg8 52.Bf4 Kf7 53.Bxh6 Rxd6 54.Bxg7 Kxg7 55.Re7+ Kf6 56.Rxa7 Rd3+
57.Ke4 Ra3 58.Ra6+ Kf7 59.Kf5 a4 60.Ra7+ Ke8 61.h6  1-0

[Event "CSR-ch"]
[Site "Brno"]
[Date "1975.??.??"]
[Round "6"]
[White "Hort, Vlastimil"]
[Black "Vogt, Lothar"]
[Result "1/2-1/2"]
[WhiteElo "2600"]
[BlackElo "2450"]

1.d4 g6 2.c4 Bg7 3.Nc3 Nf6 4.e4 d6 5.Nf3 O-O 6.Be2 e5 7.d5 a5 8.Be3 Ng4 9.Bg5 f6
10.Bh4 Nh6 11.Nd2 g5 12.Bg3 f5 13.exf5 Bxf5 14.h3 Nd7 15.Nde4 Nc5 16.Nxc5 dxc5
17.O-O e4 18.Qd2 Nf7 19.Bg4 Bxg4 20.hxg4 Nd6 21.Bxd6 Bxc3 22.bxc3 cxd6 23.Rae1 Rf4
24.f3 exf3 25.Rxf3 Qf6 26.Re6 Rxf3 27.gxf3 Qxf3 28.Qxg5+  1/2-1/2

[Event "CSR-ch"]
[Site "Brno"]
[Date "1975.??.??"]
[Round "10"]
[White "Hort, Vlastimil"]
[Black "Lanc, Alois"]
[Result "1-0"]
[WhiteElo "2600"]
[BlackElo "2200"]

1.d4 Nf6 2.c4 g6 3.Nc3 Bg7 4.e4 d6 5.Nf3 O-O 6.Be2 e5 7.d5 Nbd7 8.O-O Nc5
9.Nd2 a5 10.Qc2 b6 11.Nb3 Nxb3 12.axb3 Bd7 13.Bd2 Ne8 14.Rae1 f5 15.exf5 gxf5
16.f4 e4 17.Nd1 Rf6 18.Bc3 Rh6 19.Rf2 Nf6 20.Ne3 Qe7 21.Kh1 Kf7 22.Qd1 Rg8
23.Rg1 Kf8 24.g3 Qf7 25.b4 axb4 26.Bxb4 Ne8 27.Qd2 Bf6 28.Bc3 Qg7 29.Rfg2 Bxc3
30.Qxc3 Qxc3 31.bxc3 Nf6 32.Ra1 Ke7 33.Ra7 Rc8 34.Bd1 Ne8 35.Rga2 Rf6 36.Rb7 Kd8
37.Raa7 Rf8 38.Ba4 Nf6 39.Bc6 Ng4 40.Bxd7 Kxd7 41.Nxg4 fxg4 42.Rxb6 e3 43.Kg2 Rfe8
44.Kf1 e2+ 45.Ke1 Re3 46.c5 dxc5 47.c4 Re4 48.Rh6 Rxc4 49.Rxh7+ Kd6 50.Ra6+ Kxd5
51.Rd7+ Ke4 52.Re6+ Kf3 53.Rxe2 Rc1+ 54.Kd2 Rc2+ 55.Kxc2 Kxe2 56.Rh7 Kf3
57.Kc3 Ra8 58.Kc4 Ra2 59.Kxc5 Ke4 60.Kc6 Ra6+ 61.Kb5 Rb6+ 62.Kc5 Rb2 63.Kc6 Rc2+
64.Kd7 c5 65.Ke6 Ra2 66.Kf6 c4 67.f5 Ra6+ 68.Kg5 Ra5 69.Rc7 Rxf5+ 70.Kxg4 Rf2
71.Rxc4+ Kd5 72.Rc8 Rxh2 73.Re8 Rh7 74.Kf5 Kd6 75.g4  1-0

[Event "BUL-ch playoff"]
[Site "?"]
[Date "1975.??.??"]
[Round "?"]
[White "Spiridonov, Nikola"]
[Black "Ermenkov, Evgenij"]
[Result "1/2-1/2"]
[WhiteElo "2450"]
[BlackElo "2495"]

1.Nf3 Nf6 2.c4 d6 3.d4 Nbd7 4.Nc3 e5 5.e4 g6 6.Be2 Bg7 7.O-O O-O 8.Be3 a5
9.dxe5 dxe5 10.Nd2 c6 11.c5 Qe7 12.Na4 Ne8 13.Qc2 Nc7 14.Rfd1 Ne6 15.Nb3 Kh8
16.Bc4 Nf4 17.Re1 Qg5 18.Bf1 f5 19.Nd2 Nh3+ 20.Kh1 f4 21.Nf3 Qh5 22.Bc1 g5
23.gxh3 Qxf3+ 24.Bg2 Qh5 25.f3 Rb8 26.Bd2 Rf7 27.Bxa5 Nf8 28.Rg1 Ng6 29.Be1 Bf6
30.Rd1 Be7 31.b4 Bxh3 32.Bxh3 Qxh3 33.Qg2 Qe6 34.Nb6 h5 35.Qe2 Rg7 36.Qc4 Qh3
37.Qf1 Qe6 38.Qc4 Qh3 39.Qf1 Qe6 40.Qc4  1/2-1/2

[Event "BUL-ch"]
[Site "?"]
[Date "1975.??.??"]
[Round "15"]
[White "Ermenkov, Evgenij"]
[Black "Orev, Petar"]
[Result "1-0"]
[WhiteElo "2495"]
[BlackElo "2375"]

1.Nf3 Nf6 2.c4 g6 3.Nc3 Bg7 4.e4 O-O 5.d4 d6 6.Be2 e5 7.O-O exd4 8.Nxd4 Re8
9.f3 c6 10.Kh1 Nbd7 11.Bf4 Ne5 12.Qd2 a6 13.Rfd1 Nh5 14.Bg5 Bf6 15.Be3 Qc7
16.Rac1 Ng7 17.b4 Be7 18.Nb3 Be6 19.Nd5 cxd5 20.cxd5 Qd7 21.dxe6 fxe6 22.f4 Nc6
23.a4 Rec8 24.Nc5 Qc7 25.Nxe6 Nxe6 26.Bc4 Qd7 27.f5 Nd8 28.Bb3 Rxc1 29.Rxc1 Rc8
30.Rf1 Qc6 31.fxe6 Qxe4 32.Bh6 Nc6 33.Qc3 Qe5 34.Qf3 Qf5 35.Qd1 Qe4 36.Rf4 Qe5
37.Bd5 Nd8 38.h3 b6 39.h4 b5 40.a5 Qb2 41.Qf1  1-0

[Event "URS-ch otbor"]
[Site "Cheliabinsk"]
[Date "1975.??.??"]
[Round "?"]
[White "Nikolaevsky, Yuri V"]
[Black "Vladimirov, Boris T"]
[Result "0-1"]
[WhiteElo "2475"]
[BlackElo "2200"]

1.Nf3 Nf6 2.c4 g6 3.d4 Bg7 4.Nc3 O-O 5.e4 d6 6.Be2 e5 7.Be3 Nc6 8.d5 Ne7
9.Nd2 Ne8 10.O-O f5 11.f3 c5 12.a3 f4 13.Bf2 h5 14.b4 b6 15.bxc5 bxc5 16.Nb3 Rf7
17.Be1 g5 18.Nb5 Ng6 19.Na5 Bf6 20.Nc6 Qd7 21.Rb1 Rg7 22.h3 Bd8 23.Nxd8 Qxd8
24.Nc3 Nf6 25.Rb2 Qf8 26.a4 Rh7 27.Kf2 g4 28.Rg1 Bd7 29.Bf1 Rb8 30.Qb1 Rxb2+
31.Qxb2 Bc8 32.Ke2 Qd8 33.Kd3 Rb7 34.Qa2 g3 35.Be2 Kf7 36.Bd2 Nh4 37.a5 Ne8
38.Nb5 Bd7 39.Kc2 a6 40.Nc3 Rb4 41.Bc1 Nf6 42.Bd2 Rb8 43.Na4 Nh7 44.Nb6 Bxh3
45.gxh3 Ng5 46.Qa1 Ngxf3 47.Qd1 Nd4+ 48.Kd3 Nxe2 49.Qxe2 Qg5 50.Qd1 Rg8 51.Qa4 Qe7
52.Qd1 Kg6 53.Qf1 Qf7 54.Be1 Qe8 55.Rxg3+ fxg3 56.Bxg3 Rf8 57.Qg1  0-1

[Event "SVK-ch"]
[Site "Hlohovec"]
[Date "1975.??.??"]
[Round "5"]
[White "Kozma, Julius"]
[Black "Polacek, Jozef"]
[Result "1-0"]
[WhiteElo "2380"]
[BlackElo "2200"]

1.d4 Nf6 2.c4 g6 3.Nc3 Bg7 4.e4 d6 5.Nf3 O-O 6.Be2 Nbd7 7.O-O e5 8.Re1 h6
9.Rb1 Re8 10.Bf1 exd4 11.Nxd4 Nc5 12.f3 a5 13.Be3 Nfd7 14.Qd2 Kh7 15.Rbd1 Ne5
16.h3 Bd7 17.Qf2 b6 18.Nd5 Nc6 19.Nxc6 Bxc6 20.Bd4 f6 21.b3 Rf8 22.f4 Qd7
23.f5 g5 24.Re3 Rae8 25.Rde1 Qf7 26.Qf3 Rc8 27.Be2 Be8 28.h4 Rh8 29.Kf2 Nd7
30.Rh1 Kg8 31.hxg5 hxg5 32.Rxh8+ Bxh8 33.Qh3 c5 34.Bb2 Rb8 35.Rd3 Ne5 36.Rd1 Qh7
37.Qxh7+ Kxh7 38.Nc7 Nf7 39.Bh5 Kg8 40.Ke3 Bg7 41.Nxe8 Rxe8 42.Bxf7+ Kxf7
43.Rxd6 Rb8 44.Rd7+ Kf8  1-0

[Event "SVK-ch"]
[Site "Hlohovec"]
[Date "1975.??.??"]
[Round "12"]
[White "Demeter, Peter"]
[Black "Plachetka, Jan"]
[Result "1/2-1/2"]
[WhiteElo "2200"]
[BlackElo "2430"]

1.d4 Nf6 2.c4 d6 3.Nf3 g6 4.Nc3 Bg7 5.e4 O-O 6.Be2 e5 7.d5 Nbd7 8.O-O Nc5
9.Qc2 a5 10.Ne1 Nh5 11.Bxh5 gxh5 12.Nd3 b6 13.Nxc5 bxc5 14.Qe2 f5  1/2-1/2

[Event "HUN-ch"]
[Site "?"]
[Date "1975.??.??"]
[Round "?"]
[White "Lengyel, Levente"]
[Black "Petran, Pal"]
[Result "1/2-1/2"]
[WhiteElo "2410"]
[BlackElo "2390"]

1.c4 g6 2.d4 Bg7 3.e4 d6 4.Nc3 Nf6 5.Be2 O-O 6.Nf3 e5 7.d5 c6 8.O-O Na6 9.Bg5 h6
10.Bh4 g5 11.Bg3 Nh5 12.Nd2 Nf4 13.Kh1 Nc5 14.Nb3 Nxb3 15.axb3  1/2-1/2

[Event "DSV-Turnier"]
[Site "Leipzig"]
[Date "1975.??.??"]
[Round "1"]
[White "Knaak, Rainer"]
[Black "Moehring, Guenther"]
[Result "1-0"]
[WhiteElo "2510"]
[BlackElo "2450"]

1.d4 Nf6 2.c4 d6 3.Nc3 Nbd7 4.e4 e5 5.Nf3 g6 6.Be2 Bg7 7.O-O O-O 8.Re1 c6
9.Bf1 a5 10.Rb1 Re8 11.d5 Nc5 12.b3 Bd7 13.dxc6 Bxc6 14.Qc2 Rc8 15.Ba3 Qb6
16.Rbd1 Rcd8 17.Qb1 Bh6 18.h3 Rf8 19.Nd2 Rc8 20.Bc1 Kg7 21.Nd5 Nxd5 22.cxd5 Bxd2
23.Bxd2 Bd7 24.Be3 f5 25.exf5 Bxf5 26.Qb2 Kg8 27.Qd2 Qd8 28.Bg5 Qb6 29.Qe3 Rf7
30.Rc1 a4 31.Rc4 axb3 32.axb3 Ra8 33.b4 Na4 34.Qd2 Bd7 35.Rec1 Raf8 36.Be3 Qd8
37.Rc7 Nc5 38.R7xc5 dxc5 39.bxc5 Qf6 40.Rb1 Bc8 41.Rb6 Qh4 42.Rb4 Qd8 43.Bc4 Re8
44.Ra4 Bf5 45.g4 Bd7 46.c6 Bc8 47.d6  1-0

[Event "DSV-Turnier"]
[Site "Leipzig"]
[Date "1975.??.??"]
[Round "12"]
[White "Gruenberg, Hans Ulrich"]
[Black "Vogt, Lothar"]
[Result "1/2-1/2"]
[WhiteElo "2315"]
[BlackElo "2450"]

1.Nf3 g6 2.d4 Bg7 3.c4 Nf6 4.Nc3 O-O 5.e4 d6 6.Be2 e5 7.dxe5 dxe5 8.Qxd8 Rxd8
9.Bg5 Re8 10.Nd5 Nxd5 11.cxd5 c6 12.Bc4 b5 13.Bb3 Bb7 14.Rd1 Nd7 15.dxc6 Bxc6
16.Bd5 Bxd5 17.Rxd5 Nf6 18.Bxf6 Bxf6 19.Rxb5 Rab8 20.Rxb8 Rxb8 21.b3 Rc8
22.Kd2 Bg7 23.Re1 Bf8 24.Re2 f6 25.Kd1 Kf7 26.Rc2 Rxc2 27.Kxc2 Bc5  1/2-1/2

[Event "Lone Pine"]
[Site "Lone Pine"]
[Date "1975.??.??"]
[Round "9"]
[White "Berry, Jonathan"]
[Black "Biyiasas, Peter"]
[Result "0-1"]
[WhiteElo "2240"]
[BlackElo "2430"]

1.d4 g6 2.c4 d6 3.Nc3 Bg7 4.e4 Nf6 5.Be2 O-O 6.Nf3 e5 7.d5 a5 8.Be3 Na6 9.Nd2 Nc5
10.b3 Bd7 11.f3 Nh5 12.Qc2 Nf4 13.Bf1 Bh6 14.Kf2 Qh4+ 15.g3 Nh3+ 16.Ke2 Qh5
17.Nd1 f5 18.Bxc5 fxe4 19.Bxh3 Rxf3 20.Bxd7 Re3+ 21.Kf2 Rf8+ 22.Kg2 Re2+
23.Bf2 Bxd2 24.Rf1 Qf3+ 25.Kg1 e3 26.h3 exf2+ 27.Kh2 Bf4  0-1

[Event "Manila"]
[Site "Manila"]
[Date "1975.??.??"]
[Round "5"]
[White "Ogaard, Leif"]
[Black "Ljubojevic, Ljubomir"]
[Result "0-1"]
[WhiteElo "2460"]
[BlackElo "2615"]

1.d4 g6 2.c4 Bg7 3.Nc3 d6 4.Nf3 Nd7 5.e4 e5 6.Be2 Ngf6 7.O-O O-O 8.Re1 c6
9.Bf1 a6 10.d5 Ne8 11.Bg5 f6 12.Bd2 c5 13.g3 f5 14.Ng5 Nc7 15.Bh3 Nf6 16.exf5 gxf5
17.Qc2 e4 18.Bf1 Ng4 19.Nh3 Ne5 20.Be2 b5 21.b3 b4 22.Na4 Ne8 23.a3 a5 24.Nb2 Bd7
25.a4 Nf6 26.Rf1 h6 27.Rae1 Nh7 28.Qc1 Qf6 29.Nd1 Rae8 30.Kh1 Re7 31.Ne3 Ng5
32.Nxg5 hxg5 33.Qd1 f4 34.Ng4 Qf5 35.Nxe5 Bxe5 36.gxf4 Rh7 37.Bg4 Qxg4 38.Qxg4 Bxg4
39.f3 e3 40.Bxe3 gxf4 41.Bxc5 Bh3 42.Rg1+ Kf7 43.Bb6 Ra8 44.c5 Bd4 45.cxd6 Bxg1  0-1

[Event "FRG-ch International"]
[Site "Mannheim"]
[Date "1975.??.??"]
[Round "10"]
[White "Keene, Raymond D"]
[Black "Gerusel, Mathias"]
[Result "1-0"]
[WhiteElo "2505"]
[BlackElo "2440"]

1.Nf3 Nf6 2.c4 g6 3.Nc3 Bg7 4.d4 d6 5.e4 O-O 6.Be2 Nbd7 7.O-O e5 8.d5 Nc5
9.Qc2 a5 10.Bg5 h6 11.Be3 b6 12.Nd2 Ng4 13.Bxg4 Bxg4 14.a3 f5 15.f3 Bh5 16.b4 Nb7
17.Na4 f4 18.Bf2 axb4 19.axb4 g5 20.c5 bxc5 21.bxc5 Nxc5 22.Bxc5 dxc5 23.Nxc5 Re8
24.Ne6 Qd6 25.Qxc7 Bf8 26.Qxd6 Bxd6 27.Nc4 Rxa1 28.Rxa1 Be7 29.Ra6 Bf6 30.Nxf4  1-0

[Event "FRG-ch International"]
[Site "Mannheim"]
[Date "1975.??.??"]
[Round "11"]
[White "Gerusel, Mathias"]
[Black "Westerinen, Heikki MJ"]
[Result "1/2-1/2"]
[WhiteElo "2440"]
[BlackElo "2475"]

1.d4 g6 2.c4 Bg7 3.Nc3 d6 4.e4 Nd7 5.Nf3 e5 6.Be2 Ngf6 7.O-O O-O 8.d5 Nc5
9.Qc2 a5 10.Bg5 h6 11.Be3 Nh5 12.Ne1 Nf4 13.Nd3 Qg5 14.g3 Ncxd3 15.Bxd3 Bh3
16.Rfc1 Bg4 17.Bf1 Bf3 18.Ne2 Rae8 19.Re1 Nxe2+ 20.Bxe2 Qg4 21.Bxf3 Qxf3
22.Bd2 b6 23.Qd1 Qf6 24.h4 Qe7 25.h5 f5 26.hxg6 fxe4 27.Rxe4 Qf6 28.Qe2 Qxg6
29.Qg4 Qf6 30.Be3 Kh7 31.Kg2 Qg6 32.Rh1 Rf6 33.Qxg6+ Rxg6 34.Kf3 Bf6 35.Rh5 Bg5
36.Bxg5 Rxg5 37.Reh4 Rf8+ 38.Ke3 Rxh5 39.Rxh5 Kg6 40.Rh4 Kg5 41.Re4  1/2-1/2

[Event "FRG-ch International"]
[Site "Mannheim"]
[Date "1975.??.??"]
[Round "14"]
[White "Keene, Raymond D"]
[Black "Minic, Dragoljub"]
[Result "0-1"]
[WhiteElo "2505"]
[BlackElo "2475"]

1.Nf3 d6 2.d4 Nf6 3.c4 Nbd7 4.Nc3 e5 5.e4 g6 6.Be2 Bg7 7.O-O O-O 8.d5 Nc5
9.Qc2 a5 10.Bg5 h6 11.Be3 Nfd7 12.Nd2 f5 13.exf5 gxf5 14.f4 Qe7 15.Nb3 a4
16.Nxc5 Nxc5 17.Rae1 Bd7 18.Qd2 e4 19.Bd4 Bxd4+ 20.Qxd4 Qg7 21.Qxg7+ Kxg7
22.Kf2 Ra6 23.Ke3 Rb6 24.Rb1 Kf6 25.Kd2 h5 26.Nd1 h4 27.Ne3 Ra6 28.Rfc1 Rb8
29.b4 axb3 30.axb3 Ra3 31.Rc3 Rba8 32.Rb2 Ra1 33.Nd1 Rg8 34.Ne3 h3 35.gxh3 Rh1
36.Nf1 Rg2 37.Rb1 Nd3 38.Rxd3 exd3 39.Kxd3 Rgxh2 40.b4 Rxh3+ 41.Kd2 Ra3 42.Bd3 Rh4
43.Ng3 Rh2+ 44.Ne2 Be8  0-1